000 00370 a2200109 4500
001 ART_2367
005 20260410161725.0
008 260409a
245 1 0 _aTratamiento de la mano de obra directa en la contabilidad de costos
100 1 _aRodríguez Jauregui, Hugo A.
773 0 _tAdministración de empresas
_g- Año 7, Nº 83 (feb. 1977)
_wREV2036
999 _c17336
_d17336